Tratado de química inorgánica teórico y práctico (Record no. 164274)

MARC details
000 -LEADER
campo de control de longitud fija 00839nam a2200217 i 4500
001 - NÚMERO DE CONTROL
campo de control 164274
003 - IDENTIFICADOR DE NÚMERO DE CONTROL
campo de control ES-MaACL
005 - FECHA Y HORA DE LA ÚLTIMA TRANSACCIÓN
campo de control 20250728232931.0
008 - DATOS DE LONGITUD FIJA--INFORMACIÓN GENERAL
campo de control de longitud fija 961118m18681869sp |||| | spa d
040 ## - FUENTE DE CATALOGACIÓN
Centro catalogador/agencia de origen CYL
Lengua de catalogación spa
Centro/agencia transcriptor CYL
100 1# - ENTRADA PRINCIPAL--NOMBRE DE PERSONA
Nombre de persona Sáez y Palacios, Rafael.
9 (RLIN) 132998
245 10 - MENCIÓN DEL TÍTULO
Título Tratado de química inorgánica teórico y práctico
Resto del título : aplicada a la medicina y especialmente a la farmacia /
Mención de responsabilidad, etc. por D. Rafael Saez y Palacios.
260 ## - PUBLICACIÓN, DISTRIBUCIÓN, ETC.
Lugar de publicación, distribución, etc. Madrid, etc. :
Nombre del editor, distribuidor, etc. Carlos Bailly-Bailliere, Librería Extranjera y Nacional, Científica y Literaria,
Fecha de publicación, distribución, etc. 1868-1869.
300 ## - DESCRIPCIÓN FÍSICA
Extensión 2 v. (695, 751 p.) ;
Dimensiones 23 cm.
597 ## - NOTA DE DESCRIPCIÓN FÍSICA
NOTA DE DESCRIPCIÓN FÍSICA Antep.
650 07 - PUNTO DE ACCESO ADICIONAL DE MATERIA--TÉRMINO DE MATERIA
Término de materia o nombre geográfico como elemento de entrada Química inorgánica
Fuente del encabezamiento o término embne
9 (RLIN) 16638
700 1# - ENTRADA AGREGADA--NOMBRE PERSONAL
Nombre de persona Bailly-Baillière, Charles.
9 (RLIN) 125784
752 ## - ENTRADA AGREGADA--NOMBRE JERÁRQUICO DEL LUGAR
País o entidad superior España -
Ciudad Madrid
852 ## - LOCALIZACIÓN
Ubicación ES-MaACL
Número de control de estantería G-9550-51
Nota libre - Enc. tela
Holdings
Estatus retirado Estado de pérdida Estado de daño No para préstamo Colección Biblioteca de origen Biblioteca actual Ubicación en estantería Fecha de adquisición Fuente de adquisición Total de préstamos Signatura topográfica completa Código de barras Visto por última vez Precio de reemplazo Tipo de ítem Koha
        Libros del s. XIX Biblioteca del Ateneo de Madrid Biblioteca del Ateneo de Madrid Sala Pecera Planta 3 17/01/2008     G-9550-9551 1172187 23/02/2023 23/02/2023 Libro impreso antiguo